| 000 | 00599nam a22002177a 4500 | ||
|---|---|---|---|
| 005 | 20220715162558.0 | ||
| 008 | 220715b ||||| |||| 00| 0 eng d | ||
| 040 | _cAL | ||
| 041 | _aEnglish | ||
| 082 |
_223 _a355.825 _bPANF |
||
| 100 |
_aSavita Pande _950154 |
||
| 245 | _aFissile Material for nuclear Weapons | ||
| 260 |
_aNew Delhi _bIDSA _c1997 |
||
| 300 |
_a96 p. _bPB _c23x15 cm. |
||
| 365 |
_c₹ _d₹125.00 |
||
| 440 |
_aOccasional Paper Series _950155 |
||
| 650 |
_aThe Beginning _950156 |
||
| 650 |
_aIndia and the FMCT _950157 |
||
| 700 |
_aPANDE (Savita) _950158 |
||
| 942 |
_2ddc _cGF |
||
| 999 |
_c223850 _d223850 |
||